MDQL
is popping MORE tags! Check the
thread
!
Quizzes
Events
Quiz Creation
Community
Videos
Private Events
Remove Ads
Sign In
Join for FREE
Feedback
Dark Mode
Quiz Categories
Sports
Geography
Music
Movies
Television
Just For Fun
Miscellaneous
History
Literature
Language
Science
Gaming
Entertainment
Religion
Holiday
For Kids
Quiz Lab
Recent
Popular Today
Quiz Kudos Today
Editor Picks
Curator Picks
Quizzes by...
Day
Popularity
Type
Ratings
Length
Year
Community
Subscriptions
Recent Discussions
Orange Saloon
Badges
Playlists
Quests
Create
Leaderboards
Showdown
Live 5
Trivia Bingo
Activity
Puzzle Library
Sporcle Events
Private Events
Virtual Trivia
Globe League
Become a Host
Pub Owners
SporcleCon
Opinionation
Our Games
Videos
Blog
Mobile Apps
Partnerships
Remove Ads and Go Orange
Feedback
Sports
Athletes
MLB
NBA
NHL
NFL
Soccer
Sports Teams
WWE
NCAA
Football
Premier League
Basketball
Baseball
Hockey
Golf
Tennis
Cricket
Rugby
Auto Racing
Olympics
World Cup
Sports
Athletes
MLB
NBA
NHL
NFL
Soccer
Sports Teams
WWE
NCAA
Football
Premier League
Basketball
Baseball
Hockey
Golf
Tennis
Cricket
Rugby
Auto Racing
Olympics
World Cup
Random Quiz
Search Sporcle
×
Quiz Lab
Quiz Lab
Sports
Former
Type in answers that appear in a list
Type in answers that appear in a list
Classic
Best Score? Go Orange.
Current and Former Phillies Stats
Can you name the current or former Philadelphia Phillies player based on the other teams they have played for?
By
johnmadden
15m
50 Questions
809 Plays
809 Plays
809 Plays
Comments
Comments
Give Quiz Kudos
Give Quiz Kudos
-
- Ratings
hide this ad
Random Order
Randomize order of answers
Randomize order of answers
Replay
Link that replays current quiz
Next Quiz
Link to next quiz in quiz playlist
You Got
0%
They Got
Avg Score
41%
Avg Friend Score
Upgrade to see
Score Distribution
Jump to the score distribution portion of the page
Score
0/50
Timer
15:00
0
Plays Today
Seasons in Philadelphia
Player
% Correct
2000-
2002 (1B)
Travis Lee
68.2%
2002-
2005 (2B)
Placido Polanco
66.9%
2000-
2008 (OF)
Pat Burrell
66.7%
1992-
2000 (P)
Curt Schilling
66.3%
2003-
2005 (1B)
Jim Thome
66.1%
1998-
2006 (OF)
Bobby Abreu
62.5%
2009 (OF)
Raul Ibanez
62.3%
2003-
2006 (3B)
David Bell
59%
1972-
1986 (P)
Steve Carlton
58.6%
2007-
2009 (OF)
Jayson Werth
58.1%
1989-
1996 (OF)
Lenny Dykstra
56.7%
1979-
1983 (1B)
Pete Rose
56%
1990-
1997, 2000 (2B)
Mickey Morandini
52.8%
1997-
2000 (1B)
Rico Brogna
49.3%
2005 (OF)
Kenny Lofton
48.7%
2008-
2009 (OF)
Matt Stairs
48.5%
1989-
1991, 1995 (3B)
Charlie Hayes
48.3%
1983-
1991 (OF)
Von Hayes
48.3%
1998-
2002 (2B)
Marlon Anderson
46.7%
1999-
2006 (P)
Randy Wolf
46.5%
1972-
1981 (C)
Bob Boone
46%
1989-
1993, 1996 (P)
Terry Mulholland
42.5%
1992-
1994, 2001, 2005 (C)
Todd Pratt
42.3%
1991-
1993 (P)
Mitch Williams
40.7%
1975-
1984 (P)
Tug McGraw
40.4%
Seasons in Philadelphia
Player
% Correct
1992-
1996, 2003 (P)
Mike Williams
40.4%
1983-
1989 (2B)
Juan Samuel
40.3%
1990-
1995, 2002 (3B)
Dave Hollins
39.7%
1990-
1992 (OF)
Dale Murphy
37.6%
2006-
2007 (3B)
Abraham Nunez
36.6%
1999-
2000 (OF)
Ron Gant
36.5%
1996-
2000 (SS)
Desi Relaford
35.6%
2000-
2005 (INF)
Tomas Perez
34.9%
2007-
2009 (P)
J.C. Romero
34.9%
2001-
2003, 2007 (P)
Jose Mesa
34.6%
1993-
1994, 1996 (OF)
Pete Incaviglia
33%
1992-
1995 (INF)
Mariano Duncan
32.8%
2009 (C)
Paul Bako
32%
2007-
2008 (P)
Adam Eaton
30.8%
1995-
1998 (OF/
1B)
Gregg Jefferies
29.7%
1986-
1989 (P)
Steve Bedrosian
28.7%
2001-
2002 (C)
Johnny Estrada
27.3%
1983-
1986, 1993-
1994 (P)
Larry Andersen
27.1%
1986-
1991 (P)
Bruce Ruffin
22.2%
1989-
1990, 2001 (P)
Dennis Cook
20.8%
1960-
1971, 1974-
1976 (2B/
3B)
Tony Taylor
20.3%
1994-
1998, 2001-
2002 (P)
Ricky Bottalico
20.3%
2001-
2003 (P)
Brandon Duckworth
18.3%
1974-
1978 (OF)
Jay Johnstone
13.7%
1997-
1998 (P)
Mark Portugal
8.3%
Quiz Playlist
Details
Report
Send in Message
Add To Playlist
Classic:
Type in answers that appear in a list
Random Order:
Randomize order of answers
Quiz Source
Last Updated: Feb 16, 2017
Quiz Scoreboard
CHALLENGE
Sign Up to Join the Scoreboard
Show All
Scores
Hide
Comments
May contain spoilers
Recently Published
Image Sorting: Flags VI
by Barbecue
Geography
2m
Find the 'City' Movie
by crazypaving
Movies
60s
Colored Red Africa Blitz
by spor1
Geography
45s
More to Explore
Quiz From the Vault
Featured Blog Post
14 Easter Pick-up Lines to Find Eggs With
hide this ad
You Might Also Like...
Tags
Former
Philadelphia
Philadelphia Phillies
Player
season
team
Today's Top Quizzes in Sports
Browse Sports
hide this ad
Today's Top Quizzes in Former
Browse Former
Top Contributed Quizzes in Sports
1
Les meilleurs buteurs des matchs entre le PSG et l’OM
2
Les entraîneurs de l'OM et du PSG au 21e siècle
3
Les joueurs passés par le PSG et l'OM
4
2022 World Cup Stars
5
Players with Multiple 50 Home Run Seasons
6
Criteria MLB: Left Handed Sluggers
7
Les joueurs passés par le LOSC et le RC Lens
8
NBA Logic Puzzle 2.0
9
MLB Players with Two .350 Batting Average Seasons
10
FIFA Club World Cup Champions
Explore More
Trending Topics
Kpop
NBA
Disney
Crossword
Marvel
Anime
Harry Potter
Song
WWE
The Office
Country
Soccer
NFL
Pokémon
Puzzle
hide this ad
More By:
johnmadden
Quiz
Plays
Rating
Category
Featured
Created
Opening Day Lineups: Pirates
77,347
4.28
Sports
Oct 18, 2009
MLB World Series Game 1 Starters
37,612
4.68
Sports
Oct 21, 2009
MLB 30+ Home Run Hitters in 2000's
5,481
4.12
Sports
Nov 6, 2009
NFL 1990's Rushing Yards Leaders
5,010
4.32
Sports
Nov 9, 2009
MLB 30+ HR Hitters in the 1990's
3,752
4.57
Sports
Nov 8, 2009
Go to Creator's Profile
Score Distribution
Quiz Creator Spotlight
johnmadden
Follow
Send a Message
Quizzes Created
-
Created Quiz Play Count
-
More By This Creator
Popular Quizzes Today
1
Colored Red Africa Blitz
2
Find the US States - No Outlines Minefield
3
Find the 'City' Movie
4
5x2 Blitz: Bands
5
The Countries of the World
6
Find the US States
7
Find the Countries of Europe - No Outlines Minefield
8
US States
More Sports Quizzes
Every Premier League Manager Sacked 2021-22
Quiz Lab
Trending Quizzes
Colored Red Europe Blitz I
Colored Red Europe Blitz II
Colored Red Africa Blitz II
Colored Red Europe Blitz III
Colored Red Africa Blitz III
Recently Updated
How Do You Spell That?
pecheneg
Godzilla Movies
pecheneg
Grab Bag: 4-10 Letters
pecheneg
2024 March Madness Bracket
pecheneg
Famous TV Couples
Peacemaker
Champions League XIs: Real Madrid
pecheneg
Largest US Cities 1790-2010
pecheneg
Rides in Walt Disney World
pecheneg
Most Oscar Losses (Acting)
pecheneg
Beyoncé Albums
pecheneg
Trending Topics
Kpop
Disney
Marvel
NBA
Harry Potter
Anime
Crossword
Puzzle
The Office
Pokémon
NFL
Country
WWE
Soccer
Song
Your Account Isn't Verified!
In order to create a playlist on Sporcle, you need to verify the email address you used during registration. Go to your
Sporcle Settings
to finish the process.
Report this User
Report this user for behavior that violates our
Community Guidelines
.
Details:
Send Report
Go to the Sporcle.com Mobile Site →
Comments